[Event "Vaujany op 10th"]
[Site "Vaujany"]
[Date "2019.07.11"]
[Round "1"]
[White "Sundararajan, Kidambi"]
[Black "Thurillet, Vincent"]
[Result "1-0"]
[WhiteElo "2413"]
[BlackElo "2057"]
[PlyCount "65"]
[EventDate "2019.07.11"]
[EventType "swiss"]
[EventRounds "9"]
[EventCountry "FRA"]
[SourceTitle "EXT 2020"]
[Source "ChessBase"]
[SourceDate "2019.10.17"]
[SourceVersion "1"]
[SourceVersionDate "2019.10.17"]
[SourceQuality "1"]

1. Nf3 Nf6 2. c4 e6 3. g3 d5 4. Bg2 c5 5. cxd5 Nxd5 6. 0-0 Be7 7. d4 0-0 8. dxc5 Nc6 9. a3 Bxc5 10. Qc2 Qe7 11. b4 Bb6 12. Bb2 a5 13. b5 Na7 14. Nc3 Nxc3 15. Qxc3 f6 16. a4 Bc5 17. Rac1 b6 18. Ng5 Rb8 19. Ne4 Bb4 20. Qc7 Bb7 21. Qxe7 Bxe7 22. Rc7 Bxe4 23. Bxe4 Nc8 24. Bc2 Bd6 25. Rd7 Be7 26. Bb3 Kf7 27. Rfd1 Ra8 28. f4 g6 29. e4 Ra7 30. f5 Rxd7 31. fxe6+ Kg7 32. exd7 Bc5+ 33. Bd4 1-0